| 000 | 00456nam a2200169 i 4500 | ||
|---|---|---|---|
| 001 | bg | ||
| 100 | 1 | _aGABRIEL', P. | |
| 245 | 0 |
_aKategorii castnych i teorija gomotopij / _cP. Gabriel, M. Cisman ; Perev. s angl. M. M. Postnikova. |
|
| 260 |
_aMoskwa : _bIzdat. "Mir", _c1971. |
||
| 300 |
_as. 296 : _bilustr. |
||
| 700 | 1 | _aCISMAN, M. | |
| 040 | _cBPK | ||
| 041 | _apol | ||
| 080 | _a515.1 | ||
| 942 | _cKS | ||
| 008 | s pl f |000 0 pol | ||
| 999 |
_c14278 _d14278 |
||